[Event "Robecchetto Autumn op 9th"]
[Site "Robecchetto"]
[Date "2012.10.18"]
[Round "3"]
[White "Volpe, Antonio"]
[Black "Castiglioni, Fabrizio"]
[Result "0-1"]
[WhiteElo "1727"]
[BlackElo "1512"]
[PlyCount "116"]
[EventDate "2012.10.04"]
[EventType "swiss"]
[EventRounds "7"]
[EventCountry "ITA"]
[SourceTitle "EXT 2024"]
[Source "ChessBase"]
[SourceDate "2023.10.10"]
[SourceVersion "1"]
[SourceVersionDate "2023.10.10"]
[SourceQuality "1"]

1. e4 c5 2. f4 d6 3. Nf3 Nf6 4. e5 dxe5 5. fxe5 Nd5 6. Bc4 Bg4 7. 0-0 e6 8. h3 Bh5 9. d3 Be7 10. Bb5+ Nd7 11. c4 Nb4 12. a3 Nc6 13. Qe1 0-0 14. Bxc6 bxc6 15. Nc3 a6 16. Bf4 Rb8 17. Rb1 Re8 18. Qg3 Bg6 19. Ne4 Bxe4 20. dxe4 Nf8 21. Rfd1 Qb6 22. Bg5 Qb3 23. Bxe7 Qe3+ 24. Kh1 Rxe7 25. Qh4 Ng6 26. Qh5 h6 27. Qg4 Reb7 28. Re1 Qd3 29. h4 Rxb2 30. Rxb2 Rxb2 31. h5 Nf8 32. Nh4 Rb3 33. Rd1 Qg3 34. Qxg3 Rxg3 35. Nf3 g6 36. Kh2 Rg4 37. hxg6 fxg6 38. Nd2 Rf4 39. Rb1 Nd7 40. Kg3 g5 41. Rb7 Nxe5 42. Ra7 Rf8 43. Rxa6 Rd8 44. Nf3 Rd3 45. Kf2 Nxc4 46. a4 Nd6 47. Rxc6 Nxe4+ 48. Ke2 Ra3 49. Ra6 Nc3+ 50. Kd2 Rxa4 51. Rxe6 Ne4+ 52. Kd3 Nf2+ 53. Kc3 Kg7 54. Rc6 Rg4 55. Rc7+ Kf6 56. Rc6+ Kf5 57. Rxc5+ Kf4 58. Ne1 Ne4+ 0-1

[Event "Robecchetto op-A 18th"]
[Site "Robecchetto"]
[Date "2007.12.28"]
[Round "3"]
[White "Brioschi, Camillo"]
[Black "Volpe, Antonio"]
[Result "1-0"]
[WhiteElo "1943"]
[BlackElo "1687"]
[PlyCount "69"]
[EventDate "2007.12.27"]
[EventType "swiss"]
[EventRounds "6"]
[EventCountry "ITA"]
[SourceTitle "EXT 2011"]
[Source "ChessBase"]
[SourceDate "2010.11.26"]
[SourceVersion "1"]
[SourceVersionDate "2010.11.26"]
[SourceQuality "1"]

1. d4 c6 2. c4 d5 3. Nf3 Nf6 4. Nc3 e6 5. e3 Be7 6. Bd3 Na6 7. 0-0 Nb4 8. Be2 dxc4 9. Bxc4 b5 10. Be2 Bb7 11. a3 Nbd5 12. Qc2 0-0 13. b4 Rc8 14. Bb2 Nd7 15. Ne4 h6 16. Nc5 Qc7 17. Rfe1 Rfe8 18. e4 Nf4 19. Bf1 Bd6 20. g3 Ng6 21. e5 Bxc5 22. dxc5 Ne7 23. Nd2 Rcd8 24. f4 Bc8 25. Ne4 Nd5 26. Nd6 Re7 27. Bg2 f6 28. Bxd5 exd5 29. exf6 Nxf6 30. Bxf6 Rxe1+ 31. Rxe1 gxf6 32. Qg6+ Qg7 33. Re8+ Rxe8 34. Qxe8+ Kh7 35. Qxc8 1-0